[Event "Jakarta m"]
[Site "Jakarta"]
[Date "1997.11.22"]
[Round "3"]
[White "Adianto, Utut"]
[Black "Karpov, Anatoly"]
[Result "1-0"]
[WhiteElo "2610"]
[BlackElo "2745"]
[Annotator "Ftacnik,Lubomir"]
[PlyCount "121"]
[EventDate "1997.11.22"]
[EventType "match"]
[EventRounds "2"]
[EventCountry "INA"]
[SourceTitle "CBM 063"]
[Source "ChessBase"]
[SourceDate "1998.03.26"]
[SourceVersion "1"]
[SourceVersionDate "1998.03.26"]
[SourceQuality "1"]

1. d4 {Baburin} Nf6 2. c4 e6 3. Nc3 Bb4 4. Qc2 O-O 5. a3 Bxc3+ 6. Qxc3 b6 7. Bg5 Bb7 8. e3 d6 9. f3 Nbd7 10. Bd3 c5 11. Ne2 Rc8 12. Qb3 {Baburin: Usually a similar position arises when Black has ...h6 and h4 included. White's treatment of the positional threat of ...cxd4, ...a6 and ...d5 is rather rare, as usually White plays d2 or b2-b4 is such positions. However, in this game White's idea worked well .} (12. Qd2) 12... d5 (12... h6 13. Bh4 d5 (13... cxd4 14. exd4 e5 $5 15. Bf5 g5 $132 {Razuvaev,Y}) 14. cxd5 (14. O-O $2 Ba6 15. Rac1 b5) 14... Bxd5 15. Qd1 (15. Qa4 Bc6 (15... cxd4 16. exd4 Qc7 17. Bg3 Qc6 $13 {} 18. Bb5 $2 Qc2 19. Bxd7 $2 Bb3) 16. Qd1 b5 17. O-O Qb6 18. Rc1 Bb7 19. Bb1 cxd4 20. Qxd4 Qxd4 21. Nxd4 a6 22. Bxf6 {½-½ Hoffmann,M-De Firmian,N/Biel op 1994/}) 15... cxd4 16. Nxd4 Bc4 (16... Nc5 $6 17. Bc2 e5 18. Nf5 $16) 17. O-O a6 $6 (17... Qe7 $14) 18. Rc1 b5 $6 19. Bxc4 Rxc4 20. Rxc4 bxc4 21. Qa4 $16 {½-½ Sokolov,I-Georgiev,K/Burgas/1992/ (31)}) ({RR} 12... Qc7 13. Bh4 cxd4 14. exd4 d5 15. cxd5 Bxd5 16. Qa4 Bc4 17. Bg3 Qc6 18. Qxc6 Rxc6 19. Rc1 Rfc8 20. Bb1 b5 21. Nc3 Bb3 22. Kd2 a6 23. Ne4 Nxe4+ 24. Bxe4 Bd5 25. Rxc6 Rxc6 26. Bxd5 exd5 27. Re1 {Neuman,P (2393)-Koridze,L (2139) Prague CZE 2023 ½-½ (42)}) 13. cxd5 Bxd5 14. Qa4 (14. Qd1 $5) ({RR} 14. Qd1 cxd4 15. Nxd4 Bc4 16. O-O h6 17. Bh4 Bxd3 18. Qxd3 Ne5 19. Qe2 Ng6 20. Bg3 Nd5 21. Rad1 Qe7 22. Qd2 Rfd8 23. e4 Nf6 24. Bf2 Qd7 25. Be3 Qa4 {½-½ (25) Khalifman,A (2667)-Lutz,C (2595) New Delhi/Teheran 2000}) 14... cxd4 $146 ({RR} 14... Bc6 15. Qd1 e5 16. O-O h6 17. Bh4 exd4 18. exd4 Qe7 19. Re1 Rfe8 20. Nc3 Qd6 21. dxc5 Qd4+ 22. Bf2 Rxe1+ 23. Qxe1 Qxd3 {0-1 (23) Baburin,A (2591)-Crouch,C (2424) Birmingham 2000}) 15. exd4 Bc6 (15... Qc7 16. Bf4 Qc6 17. Bb5 Qc2 18. Bxd7 Bb3 19. Qxa7 $14) 16. Qd1 b5 17. O-O Qb6 18. Rc1 Nd5 (18... a5 19. Kh1 b4 20. Qe1 $14) 19. Kh1 a5 20. Qe1 $1 {[%cal Ye1g3] Adianto correctly sees, that black's counterplay has to be met with attack against somewhat abbandoned kingside.} (20. Bb1 b4 21. Qd3 f5 $11) 20... b4 21. Qh4 f5 $8 (21... h6 $2 22. Bxh6 gxh6 23. Qxh6 N5f6 (23... f5 24. Qxe6+ Kg7 25. Ng3 $18) 24. Nf4 $1 Qxd4 25. Rc4 Qxb2 26. Nh5 Ne4 27. Bxe4 $18) (21... N7f6 22. Rc5 $1 h6 (22... Bb7 23. Rxd5 Bxd5 24. Bxf6 $18) 23. Bxh6 gxh6 24. Qxh6 Ba8 25. Ng3 $18) 22. Qg3 Kf7 (22... N7f6 23. Rfe1 {xe6}) ({Baburin: Black cannot exchange the light-squared bishops by} 22... Bb5 $2 {Baburin because of} 23. Bh6 $18) 23. Nf4 Nxf4 (23... Qxd4 24. Ba6 Nxf4 25. Bxf4 e5 26. Bg5 Rc7 27. Rfd1 Qxb2 28. Bc4+ Ke8 29. Rc2 $1 Qxc2 30. Qxe5+ Nxe5 31. Rd8#) 24. Bxf4 Bd5 25. Bd6 Rfe8 (25... Rxc1 $2 26. Rxc1 Rd8 27. Qg5 $18) (25... Rg8 $5 $14) 26. axb4 axb4 27. Bc7 $1 {The bishops are unpleasant enemies in half opened positions in case they get enough space for activity. Karpov will be hard pressed to avoid the worst. Baburin: White is invading along the c-file.} Qb7 (27... Qxd4 28. Bb5 Bb3 (28... Bb7 29. Rcd1 Qf6 30. Bxd7 $18) 29. f4 Re7 30. Be5 (30. Bxd7 Rxd7 31. Be5 Rxc1 32. Qxg7+ Ke8 33. Qh8+ Ke7 34. Qxh7+ Kf8 35. Qh8+ Ke7 36. Qh4+ Ke8 37. Rxc1 Qd1+ 38. Qe1 Qxe1+ 39. Rxe1 Rd1 $14) 30... Nxe5 31. Rxc8 $18) 28. Qd6 Nb8 (28... Nf6 29. Ba6 $18) 29. Rc5 Re7 (29... Nc6 30. Rxd5 Re7 (30... exd5 31. Qxd5+ Re6 32. Bc4 Nd8 33. Qd7+ Kg6 34. Bxe6 Rxc7 35. Qxd8 $18) 31. Rxf5+ exf5 32. Qd5+ Kf8 33. Bd6 g6 34. Re1 $18) 30. Bxb8 Rxb8 (30... Qxb8 31. Rxd5 $1 exd5 32. Qxd5+ Kf8 33. Qxf5+ Rf7 34. Qxh7 $18) 31. Rfc1 {Baburin: White restrains himself from winning some material, preferring to attack along the open c-file.} (31. Rb5 $1 Qxb5 32. Bxb5 Rxb5 33. Rc1 $16 (33. Ra1 {Baburin Black would have only slim chances to hold his fortress.})) 31... Qb6 32. Qe5 (32. Rxd5 $2 exd5 33. Qxd5+ Qe6 34. Qxe6+ Kxe6 35. Re1+ Kf7 36. Rxe7+ Kxe7 37. Bxf5 Rd8 $15) 32... Rd8 (32... Ba8 $2 33. Rb5 $18) 33. Bxf5 exf5 34. Qxf5+ Qf6 (34... Kg8 35. Rxd5 Rde8 36. h3 Qb8 37. Re5 $1 Rxe5 38. dxe5 Qxe5 39. Qxe5 Rxe5 40. Rc8+ Kf7 41. Rb8 $18) 35. Rxd5 Qxf5 36. Rxf5+ Kg6 37. Rb5 (37. g4 h6 38. Rc6+ Kh7 39. Re5 Red7 40. Kg2 Rxd4 41. Kf2 $16) 37... Rxd4 38. Rb6+ Kf7 39. h3 Re2 40. Rb7+ Re7 (40... Kf8 41. Rc8+ Re8 42. Rcc7 $18) 41. Rb5 Re2 42. b3 Re3 43. Kh2 $1 {The endgame with four rooks plays into white hands, not only is b4 pawn very weak but black must always worry about the safety of his king.} h5 (43... Rxb3 44. Rc7+ Kf6 45. Rb6+ Ke5 46. Rxg7 $18) 44. Rb7+ Re7 (44... Kg6 45. Rc6+ Kh7 46. Rcc7 Rxb3 47. Rxg7+ Kh6 48. Rge7 $16) 45. Rb6 Re3 46. Rc7+ Re7 47. Rc4 $1 Rxc4 (47... Rd2 48. Rc5 Re3 49. Rf5+ Ke7 50. Rxb4 $18) 48. bxc4 Re2 49. Rxb4 Rc2 50. h4 (50. Kg3 h4+ 51. Kxh4 Rxg2 52. Rb6 $18) 50... g6 51. Kg3 Kf6 52. Rb6+ Kf7 (52... Kf5 53. Rc6 Rc1 54. Rc5+ Ke6 55. Kf4 Kd6 56. Rg5 Rxc4+ 57. Kg3 $18) 53. Rc6 {Two pawns should be quite enough to win this game.} Kg7 54. Rc8 Kf6 55. c5 Kg7 56. c6 Kf6 57. Kf4 Kg7 (57... Rxg2 58. c7 Rc2 59. Rf8+ $18) (57... Rc4+ 58. Ke3 Ke7 59. Kd3 Rxh4 60. Rg8 Kd6 61. Rxg6+ Kc7 62. Ke3 $18) 58. Ke5 Re2+ 59. Kd6 Rd2+ 60. Kc7 Rxg2 61. Rd8 (61. Rd8 Kf7 62. Kc8 Ke7 63. c7 Rb2 64. Rd7+ Ke8 65. Rd5 Ke7 66. Re5+ Kd6 67. Kd8 Kxe5 68. c8=Q $18) 1-0

[Event "Hoogeveen Essent Crown"]
[Site "Hoogeveen"]
[Date "2003.10.17"]
[Round "5"]
[White "Aronian, Levon"]
[Black "Karpov, Anatoly"]
[Result "1-0"]
[WhiteElo "2649"]
[BlackElo "2693"]
[Annotator "Postny,Evgeny"]
[PlyCount "63"]
[EventDate "2003.10.12"]
[EventType "tourn"]
[EventRounds "6"]
[EventCountry "NED"]
[EventCategory "18"]
[SourceTitle "CBM 098"]
[Source "ChessBase"]
[SourceDate "2004.02.03"]
[SourceVersion "1"]
[SourceVersionDate "2004.02.03"]
[SourceQuality "1"]

1. d4 Nf6 2. c4 e6 3. Nc3 Bb4 4. Qc2 c5 5. dxc5 Bxc5 $6 {Usually black is waiting for a move a2-a3, that's why the move in the text may lead to a loss of tempo.} ({The main line goes with} 5... O-O) 6. Nf3 O-O 7. Bg5 Be7 8. Rd1 (8. e4 d6 9. Rd1 Nbd7 10. Be2 a6 11. O-O Qc7 12. Bd3 h6 13. Bh4 b6 14. Nd2 Bb7 $11 {0-1 Dao Thien Hai-Annageldyev,O/Istanbul 2000/EXT 2001 (45)}) ({RR} 8. e4 d6 9. Be2 h6 10. Bf4 Nh5 11. Be3 Nf6 12. Rd1 Nbd7 13. O-O a6 14. Nd4 Qc7 15. f4 b6 16. f5 Ne5 17. fxe6 fxe6 18. Qb3 Rb8 19. h3 Bd7 20. Rc1 Kh8 21. Qd1 Nh7 22. b3 Bg5 {Sarana,A (2685)-Hakobyan,A (2613) chess.com INT 2023 0-1}) ({RR} 8. e4 h6 9. e5 Ne8 10. Bxe7 Qxe7 11. O-O-O d6 12. Bd3 Nc6 13. Qe2 Nxe5 14. Nxe5 Qg5+ 15. Kb1 Qxe5 16. Qf3 Bd7 17. Qxb7 Nf6 18. Rhe1 Qc5 19. Ne4 Nxe4 20. Qxe4 g6 21. Qe3 Qxe3 22. Rxe3 Bc6 {Romkes,A (2079)-Brink,B (2371) Amsterdam NED 2024 0-1 (50)}) 8... h6 $146 ({RR} 8... Qb6 9. e3 h6 10. Bh4 a6 11. Be2 d6 12. O-O Nbd7 13. Rd2 Qc7 14. Rfd1 Rd8 15. Bg3 e5 16. b3 Nf8 17. h3 Be6 18. Bd3 Rac8 19. a4 g6 20. Bh4 Nh5 21. Bxe7 Qxe7 22. Be4 f5 23. Bd5 {Fodor,I (2129)-Marosi,C (2141) Hungary 2005 1-0 (42)}) ({RR} 8... Qc7 9. e4 d6 10. Be2 a6 11. O-O Nbd7 12. Kh1 b6 13. Nd4 h6 14. Bc1 Bb7 15. f4 Rac8 16. Qb1 Nc5 17. Bf3 Ncd7 {½-½ (17) Gomez Segura,A (2240)-Gonzalez Zamora,J (2375) Holguin 1991}) 9. Bh4 b6 (9... Nc6 10. e4 Nh5 11. Bxe7 Qxe7 12. Qd2 $14 {1-0 Servat,R-Najdorf,M/Argentina 1989/EXT 97 (40)}) (9... d6 $5 10. e4 Nbd7) 10. e4 Bb7 11. Be2 a6 12. O-O Ne8 $6 $146 (12... Nc6 13. Qd2 Bc8 14. e5 Ne8 15. Bg3 f5 16. exf6 Nxf6 17. Ne5 Nxe5 18. Bxe5 Bb7 19. Bxf6 Bxf6 20. Qxd7 $16 {1-0 Kalesis,N-Serrat,I/Berga 1995/EXT 97 (33)}) 13. Bg3 ({Objectively stronger was} 13. Bxe7 $1 Qxe7 14. Qb3 Qd8 15. c5 b5 16. a4 $16) 13... d6 14. e5 Qc7 15. exd6 Nxd6 $8 (15... Bxd6 $2 16. Rxd6 Nxd6 17. Rd1 Rd8 18. Qd2 $18 {[%csl Rd6]}) 16. Rd4 (16. Ne4 Bxe4 17. Qxe4 Nxe4 18. Bxc7 b5 $14) 16... Qc6 $2 {It's easy to understand Karpov's desire to avoid the unpleasant pin as quick as possible, but this move obstructs the development of black's queenside.} (16... Nc6 17. Rd2 Rad8 18. Rfd1 Rd7 {and it's not easy for white to make use of the pin along the diagonal h2-b8.}) 17. Bd3 Ne8 (17... Nd7 $2 18. Bxd6 Bxd6 19. Be4 $18) 18. Bh7+ {Useful intermediate check. The f7 will be undefended, which may become important in the near future.} Kh8 19. Be4 Qc8 20. Na4 $1 Bc5 21. Nxc5 bxc5 22. Bxb7 Qxb7 23. Rd2 {Despite the material balance, black's position is very tough. White controls important "d" file, while black has numerous weaknesses in his camp and his pieces are badly placed.} Nf6 24. Rfd1 Qc8 (24... Nbd7 25. Ne5 Nxe5 26. Bxe5 {and white is dominating.}) 25. Bd6 Re8 26. Ne5 Kg8 {[%tqu "En","Find the best move for white.","","","d6e7","",5]} 27. Be7 $1 $18 Qc7 28. Bxf6 gxf6 29. Qe4 {White's attack is irresistible.} Ra7 30. Ng4 Kg7 31. Qe3 Rh8 32. Rd8 $1 {[%mdl 2048] This nice move crowns the excellent game of Levon Aronian.} (32. Rd8 Rh7 33. Qf3 f5 34. Qc3+ $18) 1-0

[Event "Buenos Aires"]
[Site "Buenos Aires"]
[Date "1980.??.??"]
[Round "?"]
[White "Balashov, Yuri S"]
[Black "Karpov, Anatoly"]
[Result "1/2-1/2"]
[WhiteElo "2600"]
[BlackElo "2725"]
[PlyCount "27"]
[EventDate "1980.10.15"]
[EventType "tourn"]
[EventRounds "13"]
[EventCountry "ARG"]
[EventCategory "13"]
[SourceTitle "MCL"]
[Source "ChessBase"]
[SourceDate "1999.07.01"]
[SourceVersion "1"]
[SourceVersionDate "1999.07.01"]
[SourceQuality "1"]

1. d4 Nf6 2. c4 e6 3. Nc3 Bb4 4. e3 c5 5. Nge2 cxd4 6. exd4 d5 7. a3 Be7 8. Nf4 dxc4 9. Bxc4 O-O 10. O-O Nc6 11. Be3 Bd6 12. Nh5 Be7 ({RR} 12... Nd5 13. Ba2 Nxc3 14. bxc3 e5 15. Qd2 exd4 16. cxd4 Qa5 17. Qe2 Bf5 18. Qf3 Bg6 19. Nf4 Bf5 20. Nh5 Bg6 21. Nf4 Bf5 22. Nh5 {½-½ (22) Gelfand,B (2738)-Mchedlishvili,M (2659) Istanbul 2012}) ({RR} 12... Nd5 13. Nxd5 exd5 14. Bd3 Re8 15. Re1 g6 16. Qf3 Re6 17. Ng3 Bf8 18. Ne2 Bg7 19. Rac1 Re8 20. Bb5 Qa5 21. Nc3 a6 22. Ba4 Be6 23. b4 Qd8 24. Red1 Rc8 25. h3 h6 26. Bxc6 Rxc6 27. Na4 {Pranav K P (2243)-Ciocani,I (2133) Belgrade SRB 2024 ½-½ (127)}) 13. Nf4 $146 ({RR} 13. d5 exd5 14. Nxd5 Nxd5 15. Bxd5 Qd6 16. Qb3 Bg4 17. Nf4 Bg5 18. f3 Bd7 19. Rad1 Qc7 20. g3 Rac8 21. Kg2 Bf5 22. h4 Na5 23. Qb5 a6 24. Qe2 Bh6 25. b4 Nc4 26. Bc5 Bxf4 27. Qxc4 Bxg3 {Aleksandrov,A (2607)-Rodin,D (2360) Voronezh 2015 1-0}) 13... Bd6 14. Nh5 1/2-1/2

[Event "Bundesliga 1819"]
[Site "Germany"]
[Date "2019.03.09"]
[Round "12.1"]
[White "Baldauf, Marco"]
[Black "Karpov, Anatoly"]
[Result "1/2-1/2"]
[WhiteElo "2470"]
[BlackElo "2623"]
[PlyCount "112"]
[EventDate "2018.11.10"]
[EventType "team-tourn"]
[EventRounds "15"]
[EventCountry "GER"]
[SourceTitle "CBM 189 Extra"]
[Source "ChessBase"]
[SourceDate "2019.06.03"]
[SourceVersion "1"]
[SourceVersionDate "2019.06.03"]
[SourceQuality "1"]
[WhiteTeam "Berlin SF"]
[BlackTeam "Hockenheim"]
[WhiteTeamCountry "GER"]
[BlackTeamCountry "GER"]

1. d4 Nf6 2. c4 e6 3. Nc3 Bb4 4. Qc2 c5 5. dxc5 Bxc5 6. Bf4 Nc6 7. Nf3 Qa5 ({RR} 7... b6 8. e3 Bb7 9. Be2 O-O 10. O-O Be7 11. Rfd1 Rc8 12. Nb5 d5 13. Rac1 a6 14. Nc3 Na5 15. cxd5 Nxd5 16. e4 Nxf4 17. Rxd8 Rfxd8 18. Rd1 b5 19. Rxd8+ Rxd8 20. Bf1 Nc6 21. Nb1 g5 22. h3 {Holt,C (2559)-Kamsky,G (2676) ICC INT 2014 ½-½ (54)}) ({RR} 7... a6 8. a3 O-O 9. Rd1 b6 10. b4 Be7 11. e4 Bb7 12. Be2 h6 13. O-O Rc8 14. e5 Nh5 15. Bc1 g5 16. Qe4 f5 17. exf6 Rxf6 18. Bd3 Rf5 19. Qg4 Ng7 20. Bxf5 Nxf5 21. Nd5 Ng7 22. Nxe7+ {Smolinski,W (1933)-Kolar,S (1943) Bohumin CZE 2025 1-0 (31)}) 8. e3 Bb4 $146 ({RR} 8... d5 9. Rd1 Bb4 10. a3 Bxc3+ 11. Qxc3 Qxc3+ 12. bxc3 Bd7 13. Ne5 Rd8 14. Be2 Nxe5 15. Bxe5 dxc4 16. Bxc4 Bc6 17. Rd4 Nd7 18. Bg3 e5 19. Rd2 f6 20. f3 Nb6 21. Rxd8+ Kxd8 22. Bd3 Ke7 23. Ke2 {Georgiev,K (2515)-Xu,J (2505) Thessaloniki 1988 ½-½}) 9. Bd3 h6 10. O-O e5 11. Bg3 Bxc3 12. bxc3 d6 13. Rab1 O-O 14. Nd2 Qc7 15. f4 Nd7 16. f5 Ne7 17. Be4 Nf6 18. Bd3 Kh8 19. Bh4 Neg8 20. e4 b6 21. Rf3 Ba6 22. Kh1 Nd7 23. g4 f6 24. Bf2 Nc5 25. Bf1 Rac8 26. h4 Qd7 27. Kg1 Rc7 28. Rb4 Rfc8 29. Rg3 Nb7 30. g5 Na5 31. gxh6 gxh6 32. Qd1 Qe8 33. c5 dxc5 34. Bxa6 cxb4 35. Bxc8 Qxc8 36. c4 Nxc4 37. Nxc4 Rxc4 38. Qd5 Rc7 39. Rg6 Qe8 40. Qd2 Qf8 41. Be3 Kh7 42. Kf2 Rb7 43. Kf3 a5 44. Qc1 b5 45. Qc6 Qf7 46. Qc8 Rc7 47. Qd8 Rd7 48. Qxa5 b3 49. axb3 Qxb3 50. Qa8 Rg7 51. Qe8 b4 52. h5 Qd1+ 53. Kf2 Qc2+ 54. Kf3 Qd1+ 55. Kf2 Qc2+ 56. Kf3 Qd1+ 1/2-1/2

[Event "Tilburg"]
[Site "Tilburg"]
[Date "1994.??.??"]
[Round "6"]
[White "Bareev, Evgeny"]
[Black "Karpov, Anatoly"]
[Result "1-0"]
[WhiteElo "2675"]
[BlackElo "2780"]
[Annotator "Ftacnik,Lubomir"]
[PlyCount "107"]
[EventDate "1994.09.??"]
[EventType "k.o."]
[EventRounds "7"]
[EventCountry "NED"]
[SourceTitle "CBM 044"]
[Source "ChessBase"]
[SourceDate "1995.02.01"]
[SourceVersion "1"]
[SourceVersionDate "1995.02.01"]
[SourceQuality "1"]

1. d4 {Dautov} Nf6 2. c4 e6 3. Nf3 b6 4. e3 Bb7 5. Nc3 Bb4 6. Bd3 c5 7. O-O O-O 8. Bd2 (8. Na4 cxd4 9. exd4) 8... d5 9. cxd5 cxd4 10. exd4 Bxc3 $6 (10... Nxd5 11. Nxd5 (11. Rc1 {Dautov} Nc6 12. Re1 Rc8 13. Re4 Nce7 14. Nxd5 Nxd5 15. Rh4 g6 16. Rxc8 Qxc8 17. Ng5 Be7 18. Qg4 Ba6 19. Qh3 $40 {Yusupov-Ivanchuk/Bruxelles m/8 /1991}) (11. Qe2) 11... Bxd2 12. Nxb6 axb6 13. Qxd2 Bxf3 14. gxf3 Ra5 $44) 11. bxc3 Qxd5 12. Re1 (12. Qe2 $5) 12... Nbd7 (12... Ba6 $5) 13. Qe2 (13. h3 $6 {Dautov} e5 $1 14. c4 Qd6 15. Nxe5 Nxe5 16. dxe5 Qxd3 17. exf6 Qg6 18. Qg4 Qxf6 $10 {Donner-Portish/Amsterdam/1967}) ({RR} 13. Bg5 h6 14. Bh4 Qa5 15. Rc1 Rac8 16. Qd2 Bxf3 17. gxf3 Nd5 18. Kh1 Rxc3 19. Rg1 Kh8 20. Bb1 Rxc1 21. Qxc1 Qc3 22. Qd1 Rc8 23. Qe2 N7f6 24. Bxf6 Nxf6 25. Rd1 Rd8 26. d5 Rxd5 27. Rxd5 exd5 {Jelcic,M (2209)-Jarocka,L (2199) chess.com INT 2024 0-1 (31)}) 13... Rfd8 (13... Qh5 {Dautov} 14. a4 a6 15. Reb1 Rfd8 16. Be3 Be4 17. Bf4 Qf5 18. Bxe4 Nxe4 19. Bd2 {0,5/Reshevsky-Smyslov/SWZ ct/1953}) 14. a4 $146 ({RR} 14. Qf1 Qh5 15. Ne5 Ng4 16. Nxg4 Qxg4 17. f3 Qh5 18. Be4 Nc5 19. Bxb7 Nxb7 20. Re2 Nd6 21. Qf2 Nc4 22. Bf4 Rac8 23. g4 Qg6 24. h3 Qd3 25. Rc1 b5 26. Ree1 Nb6 27. Red1 Qc4 28. Bd2 Na4 {Lagha,K-Kupper,J Munich 1958 0-1 (46)}) 14... Bc6 (14... a6 $5 {Dautov}) 15. Qf1 (15. a5 $6 {Dautov} b5) 15... Qd6 16. Ne5 Nxe5 17. Rxe5 Ng4 $6 (17... h6 $1 18. Qc1 (18. Qe2 {Dautov} Nd7 19. Re3 e5 20. Rg3 exd4 21. cxd4 Nf8 22. Qh5 Kh8 $14) (18. f4 Ng4 19. Ree1 f5 20. Qe2 Re8 $132 {f6-e4}) 18... Ng4 19. Rh5 e5 20. h3 e4 (20... exd4 $2 21. Bf4 Qd7 22. Bf5 $18) 21. hxg4 exd3 $10) 18. Rh5 Nf6 (18... h6 19. Rh4 f5 20. f3 Nf6 21. Qe2 $14) 19. Rh4 e5 20. Be3 h6 (20... e4 {Dautov} 21. Be2 Nd5 22. c4 Nxe3 23. fxe3 $14) (20... g6 {Dautov} 21. Qc1 Nd7 22. Bf1 $5 $14 {de5,d4,a1-h8}) 21. Qc1 $1 Kf8 (21... Nd5 22. Bxh6 $1 gxh6 23. Rxh6 Qe7 (23... f6 24. Rg6+ Kf7 25. Qh6 Ne7 26. Rg7+ Ke8 27. Bf5 $1 Nxf5 28. Qh8+ Qf8 29. Qh5+ $18) 24. Rh8+ Kxh8 25. Qh6+ Kg8 26. Bh7+ Kh8 27. Bg6+ Kg8 28. Qh7+ Kf8 29. Qh8#) (21... e4 22. Be2 $14 (22. Bxh6 exd3 23. Bxg7 Nh7 $1)) 22. dxe5 $1 (22. Bxh6 gxh6 23. Qxh6+ Ke7 24. Re1 Nd7 $13) 22... Qxe5 (22... Qxd3 23. exf6 $40) 23. Bd4 Qd5 (23... Qg5 24. Qxg5 hxg5 25. Rh8+ Ke7 26. Rxd8 (26. Re1+ Kd6 27. Rxd8+ Rxd8 28. Re5 Re8 $1 $10) (26. Rh3 $5 $14 {a5}) 26... Rxd8 27. a5 $16 (27. a5 {Dautov} Rd6 28. axb6 axb6 29. Rb1 Nd7 30. Bf5 g6 31. Bxd7 Bxd7 32. Bxb6 $14)) 24. Bf1 Rd6 (24... Ne4 $4 {Dautov} 25. Bxg7+ $1 $18) 25. a5 (25. Rxh6 $2 gxh6 26. Qxh6+ Ke7 27. Re1+ Ne4) (25. c4 Qxd4 (25... Qe6 26. c5) (25... Qg5 26. Qxg5 hxg5 27. Rh8+ Ke7 (27... Ng8 $2 28. Bb2 $1 $16)) 26. Rxd4 Rxd4 27. a5 $16) 25... Ne4 $6 (25... b5 26. Qa3 (26. c4 bxc4 27. Qa3 Ke8 28. Qg3 $40) 26... Ke8 27. Re1+ $40) 26. Rg4 $2 (26. Qa3 $1 Nc5 (26... Nd2 27. Rd1 Nc4 28. Bxg7+ Kxg7 29. Rxd5 Nxa3 30. Rxd6 $18) (26... Ng5 27. c4 $1 Qe6 28. Re1 Qg6 29. Kh1 $16) (26... Rad8 27. axb6 axb6 (27... Nd2 28. Rg4 $16) 28. Rxe4 Qxe4 29. Bxb6 $16 (29. Bxb6 {Dautov} Kg8 30. Bxd8 Rxd8 31. c4 $16)) 27. Rd1 Kg8 28. Bxc5 Qxd1 29. Bxd6 Bb5 30. c4 $18) (26. axb6 $5 {Dautov} axb6 (26... Ng5 27. c4 Nf3+ 28. Kh1 Qf5 29. Rf4 Qh5 30. gxf3 $18) 27. Rxa8+ (27. Bxb6 $2 Rxa1 28. Qxa1 Nd2 29. Rd4 $2 Nf3+ 30. gxf3 Qxf3 $19) 27... Bxa8 28. Qa3 Nc5 (28... Ng5 29. c4 $18) (28... Nd2 29. Rh5 $1 Qxh5 (29... Qc6 30. Be5 $18) 30. Qxd6+ Kg8 31. Qb8+ Kh7 32. Qxa8 Nxf1 33. Qe4+ f5 34. Qe5 $18) 29. Bxg7+ $1 Kxg7 30. Rd4 Qc6 31. Rxd6 Qxd6 32. Qxa8 $16) 26... g5 $1 27. axb6 axb6 (27... f5 28. Rxe4 fxe4 29. Rxa7 $16) 28. Rxa8+ Bxa8 29. Qa3 Qa5 $1 (29... f5 30. Rxe4 fxe4 31. Bc4 $1 Qxc4 (31... Qc6 32. Be5) 32. Qxd6+ Kf7 33. Qd7+ $18) (29... Nc5 30. h4 $40) 30. Qxa5 bxa5 31. f3 f5 32. fxe4 Rxd4 (32... fxg4 33. Bc5 Ke7 34. e5 $18) 33. cxd4 fxg4 34. Bd3 $6 (34. d5 $1 Ke7 35. Bb5 (35. Kf2 {Dautov} Kd6 36. Ke3 Kc5 $10) 35... Kd6 36. Kf2 Bb7 37. Ke3 Ke5 38. g3 h5 39. Be8 Bc8 40. Bxh5 (40. Bg6 a4 41. Kd3 h4 42. Kc4 a3 43. Kb3 Bb7 44. Kxa3 Bxd5 45. exd5 Kxd5 46. Bf5 Kd4 47. Bxg4 hxg3 48. hxg3 Ke3 49. Bd1 g4 50. Bxg4 Kf2 $10) 40... a4 41. Kd3 a3 42. Kc3 Kxe4 43. d6 Ke5 $10) 34... a4 (34... Ke7 $2 {Dautov} 35. Kf2 a4 36. Ke3 $18) 35. d5 Ke7 36. Kf2 Kd6 37. Ke3 a3 38. Bb1 g3 $6 (38... Ke5 39. g3 h5 40. Kd3 h4 41. Kc4 a2 42. Bxa2 Kxe4 43. d6 Bc6 $10) (38... Kc5 {Dautov} 39. Ba2 Bb7 40. g3 $1 $18 {d3-c3}) 39. hxg3 (39. h3 $5 {Dautov} Kc5 40. Ba2 (40. Kf3 Kc4 41. Ba2+ Kd4 $1) 40... Bb7 $10) 39... Ke5 40. Kd3 Bb7 41. Kc4 Bc8 (41... h5 $1 42. Kc5 (42. Kb3 Ba6 (42... h4 {Dautov} 43. gxh4 gxh4 44. Kxa3 Bxd5 (44... Ba6 $10) 45. exd5 h3 46. gxh3 Kxd5 47. h4 Ke6 $10) 43. Kxa3 Bf1 44. Kb4 Bxg2 45. Kc5 h4 46. d6 Bh3 47. gxh4 gxh4 48. Bd3 Be6 $10) 42... h4 43. d6 Bc8 44. Kc6 h3 45. gxh3 Bxh3 46. d7 Bxd7+ 47. Kxd7 g4 48. Ke7 a2 49. Bxa2 Kxe4 $10) 42. Kb4 Bg4 $2 (42... Kd6 $1 43. Kxa3 Ba6 44. Kb4 Bf1 45. Kc3 Ke5 46. Bd3 Bxg2 47. Kc4 h5 48. Kc5 h4 49. d6 Bh3 50. gxh4 gxh4 51. Bf1 Bd7 52. Bg2 h3 53. Bh1 Be8 54. Bf3 Kf4 $10) (42... h5 {Dautov} 43. Kxa3 Ba6 44. Kb4 Bf1 45. Kc5 Bxg2 46. d6 (46. g4 Bf3 $1) 46... Bh3 47. Kc6 (47. Bd3 Bd7 48. Be2 h4 49. gxh4 gxh4 50. Bf3 h3 $10) 47... h4 48. gxh4 gxh4 49. Bd3 Be6 50. Bc4 h3 (50... Bg4 $2 51. Be2 $1 Be6 52. Bf3 $18) 51. Bxe6 h2 52. d7 h1=Q 53. d8=Q Qxe4+ $10) 43. Kxa3 Be2 44. Kb4 Bf1 (44... Kd6 45. Kc3 Ke5 46. Bd3 $18) 45. Kc5 Bxg2 46. Bd3 $1 (46. d6 Bh3 $10) 46... Bf3 (46... h5 47. g4 (47. Be2 $1 Bxe4 48. d6 Ke6 (48... Bf5 49. Bxh5 Bd7 50. g4 $1 Ba4 51. Bg6 Bd7 52. Bf5 Bxf5 53. gxf5 g4 54. d7 g3 55. d8=Q $18) 49. Bxh5 Bf5 50. Kc6 g4 51. Bg6 Bxg6 52. d7 $18) (47. d6 {Dautov} Bh3 48. Kc6 h4 49. gxh4 gxh4 50. Bf1 Be6 51. Bg2 $18) 47... Bf3 48. gxh5 Bxh5 49. d6 Be8 $10) 47. d6 Bg4 48. Kc6 Bc8 49. Kc7 Be6 50. Bc4 Bg4 51. Be2 Be6 52. Bf3 g4 53. Bg2 h5 54. d7 1-0